|
|
|
|
| LEADER |
00000nas a22000007a 4500 |
| 005 |
20110905140333.0 |
| 008 |
110905c2005 bl ar|||s|||| 00| b1por d |
| 022 |
|
|
|a 1808 - 6861
|
| 035 |
|
|
|a 5643
|
| 040 |
|
|
|a vLex
|
| 090 |
|
|
|c 2376
|d 2376
|
| 245 |
0 |
0 |
|a Revista jurd̕ica logos
|h [Recurso electrn̤ico]
|
| 256 |
|
|
|a Servicio en ln̕ea.
|
| 260 |
|
|
|a [Brasil] :
|b Faculdade de Direito Dams̀io de Jesus,
|c 2005 -
|
| 300 |
|
|
|a 1 recurso electrn̤ico
|
| 310 |
|
|
|a Anual
|
| 362 |
|
|
|a Nm︢. 1 (2005) -
|
| 506 |
1 |
|
|a Contenido solo disponible en los productos indicados
|d vLex Global
|d vLex Global (Academic Edition, excluding Law Schools)
|d vLex Global (U.S. Academic Edition, Law Schools)
|d vLex Global (U.S. Academic Edition, excluding Law Schools)
|d vLex Global (Academic Edition, Law Schools)
|
| 650 |
0 |
4 |
|a Derecho
|z Rumania
|
| 740 |
0 |
|
|a vLex Revistas (Servicio en ln̕ea)
|
| 856 |
4 |
0 |
|u http://vlex.com/source/revista-juridica-logos-5643
|z Acceso restringido
|
| 942 |
|
|
|c REV
|